Countries From Largest To Smallest Starting With E - Statistics

General Stats
  • This quiz has been taken 95 times
  • The average score is 6 of 8
Answer Stats
Size Answer % Correct
1,127,127 sq.km Ethiopia
86%
283,560 sq.km Ecuador
83%
121,320 sq.km Eritrea
80%
45,339 sq.km Estonia
80%
1,001,450 sq.km Egypt
75%
21,040 sq.km El Salvador
69%
28,051 sq.km Equatorial Guinea
63%
14,874 sq.km East Timor
53%
No matching quizzes found
Score Distribution
Percent of People with Each Score
Percentile by Number Answered
Your Score History
You have not taken this quiz